Медицинска генетика (Запис номер 57116)
[ съкратено ]
| 000 -Лидер | |
|---|---|
| Контролно поле с фиксирана дължина | nam a22 a 4500 |
| 005 - Дата и час на последна редакция | |
| Контролно поле | 20220718155833.0 |
| 008 - Елементи от данни с фиксирана дължина | |
| fixed length control field | 180408b bul|||||r ||||||| ||bul|| |
| 040 ## - Източник на каталожния запис | |
| Идентификатор на билиотеката - собственик на записа | BLK |
| 041 ## - Код за език | |
| Код за езика на текст/звукозапис или на отделно заглавие | Български |
| Код за езика КДБФ | Български |
| 080 ## - УДК | |
| Текстов определител УДК | Наследствени болести. Наследствени пороци. Наследствено предрасположение. - Предаване на болестите от родителите, болести втора генерация, фамилни болести;злополуки, емоции на майката по време на бре |
| УДК код - определител по УДК | 616-056.7 |
| УДК определител | (035) |
| УДК - код + определител | 616-056.7(035) |
| 100 1# - Редна дума - Автор | |
| Автор | Ботев, Ботю Атанасов |
| Авторска отговорност | първи автор |
| R(LIN) | 369430 |
| 139 ## - Редно поле | |
| Редна дума | Медицинска генетика |
| Авторски знак | Мед - М 45 |
| 245 10 - Сведения за заглавието | |
| Заглавие | Медицинска генетика |
| Подзаглавни данни | Ръководство |
| Редно поле (дума) | Ботю Атанасов Ботев; ред. Радой Петров Попиванов. |
| 257 ## - Страна на издаване | |
| Страна на създаване/издаване | България |
| 260 ## - Област на издателските данни | |
| Място на издаване, разпространение и проч. | София |
| Име на издателя, разпространителя и проч. | Медицина и физкултура |
| Година на издаване | 1973 |
| 300 ## - Физическа характеристика | |
| Страници | 276 с. |
| Илюстрации и др. | с черт., табл., 3 л. : ил. |
| Размери/Мащаб | 24 см |
| 380 ## - Жанр | |
| Жанр | Медицина |
| 500 ## - Общи забележки | |
| Забележка | Авт. : Ив. Д. Буланов, В. Хр. Вълчанов, Т. Ил. Еврев, Ст. М. Живков, К. И. Киров, Л. Ст. Наков, Р. П. Попиванов, отбелязани на с. 5. - Други ред. Б. Ботев и В. Вълчанов. - Библиогр. с. 246-249. - Азб. показалец |
| 650 #4 - Допълнително описание по предмет – тема | |
| Основно описание – тема или топоним | Генетика, медицинска |
| 9 (RLIN) | 249288 |
| 653 ## - Ключова дума – ненормативна | |
| Ключова дума | медицинска генетика |
| 700 1# - Други автори (авторска отговорност) | |
| Лично име | Попиванов, Радой Петров |
| Автороска отговорност (Описва отношението между автора и произведението) | ред. |
| 9 (RLIN) | 369291 |
| 852 ## - Местоположение | |
| Форматна сигнатура | Цб 67891 |
| Фондова буква | Хранилище |
| 856 4# - Електронен адрес и достъп | |
| Електронен формат | pdf - файл |
| 856 4# - Електронен адрес и достъп | |
| Електронен формат | pdf - файл |
| 999 ## - СИСТЕМНИ КОНТРОЛНИ НОМЕРА | |
| Koha biblionumber | 57116 |
| Koha biblioitemnumber | 57116 |
| 942 ## - АРТИКУЛИ | |
| Вид на библиотечния материал | Книги |
| Скрит в OPAC | Не |
| Koha issues (borrowed), all copies | 2 |
| Периодичен библиозапис | Да |
| 944 ## - СЪЗДАВАНЕ И РЕДАКЦИЯ на ЗАПИСА | |
| Създаване/Редакция | Създаване |
| Дата на регистрацията/редакция | 13.06.2004 |
| Служител, извършил регистрацията/редакцията | Наталия_Медовщикова |
| 944 ## - СЪЗДАВАНЕ И РЕДАКЦИЯ на ЗАПИСА | |
| Създаване/Редакция | Редакция |
| Дата на регистрацията/редакция | 2022-07-18 |
| Служител, извършил регистрацията/редакцията | Кети |
| 999 ## - СИСТЕМНИ КОНТРОЛНИ НОМЕРА | |
| Koha biblioitemnumber | 57116 |
| Код за отписване | Код за изгубен артикул | Източник на класификационната схема | Код за повреда | Коз за рестрикции | Код за отдаване | Артикулен № | Име на библиотеката - собственик | Име на библиотеката, в която се намира в момента | Статус (Текущо местоположение) | Дата на вписване в системата | Местоположение - отдел | Цена в лева | Инвентарен номер | Систематично азбучна сигнатура | Баркод | Номер на екземпляра | Цена в евро | Служебна бележка | Служебен тип на артикула |
|---|---|---|---|---|---|---|---|---|---|---|---|---|---|---|---|---|---|---|---|
| Изтеглен | Не е изгубен | Universal Decimal Classification | Не е повреден | без рестрикции | заемане за дома | 91915 | Регионална библиотека "Любен Каравелов" Русе | Регионална библиотека "Любен Каравелов" Русе | Заемна - подръчен фонд | 1973-01-01 | Заемна - подръчен фонд | 2.51 | 139283 | П 616-056.7/М 45 | 139283 | 1 | 1.28 | Дост: Pk N: стар фонд Дата: 01.01.1973 Дата инв: 02.02.2018 Бележки инв: П2018 | Книги |
| Не е изгубен | Universal Decimal Classification | Не е повреден | само за читалня | ползва се в читалня | 91916 | Регионална библиотека "Любен Каравелов" Русе | Регионална библиотека "Любен Каравелов" Русе | Хранилище | 1973-01-01 | Хранилище | 2.51 | 139137 | Цб 67891 | 120000139137 | 2 | 1.28 | Дост: Dp Вид: Д N: стар фонд Дата: 01.01.1973 | Книги |